<?phpxml version="1.0" encoding="ISO-8859-1"?>
 <collection>
  

 
<record>
 <datafield tag="088" ind1="" ind2="">
  <subfield code="a">Glerum_ORDAYS_10</subfield> 
  </datafield>
<datafield tag="909" ind1="C" ind2="0">
<subfield code="p">TRANSP-OR</subfield>
</datafield>
<datafield tag="980" ind1="" ind2="">
<subfield code="a">TALK</subfield>
</datafield>
 <datafield tag="700" ind1="" ind2="">
  <subfield code="a">Glerum, Aurélie</subfield> 
  </datafield>
 <datafield tag="700" ind1="" ind2="">
  <subfield code="a">Antonini, Gianluca</subfield> 
  </datafield>
 <datafield tag="700" ind1="" ind2="">
  <subfield code="a">Wörner, Stefan</subfield> 
  </datafield>
 <datafield tag="700" ind1="" ind2="">
  <subfield code="a">Bierlaire, Michel</subfield> 
  </datafield>
<datafield tag="245" ind1="" ind2="">
<subfield code="a">
Application of Markov Decision Processes to pipeline data</subfield>
</datafield>
<datafield tag="260" ind1="" ind2="">
<subfield code="c">2010</subfield>
</datafield>
<datafield tag="711" ind1="2" ind2="">
<subfield code="a">
Eighth Joint Operations Research Days</subfield>
<subfield code="c">
University of Fribourg, Fribourg, Switzerland</subfield>
<subfield code="d">September 10, 2010</subfield>
</datafield>
  </record>



  </collection>
